2006 annual report on operations evaluation

Salvato in:
Dettagli Bibliografici
Natura: Libro
Lingua:inglese
Pubblicazione: Washington, D.C. <The> World Bank 2006
Soggetti:
Tags: Aggiungi Tag
Nessun Tag, puoi essere il primo ad aggiungerne!!

MARC

LEADER 00000nam$a2200000$$$4500
001 0051818
005 20240315115819.0
020 |a 0-8213-6845-1 
020 |a 978-0-8213-6845-9 
041 0 |a eng 
044 |a US 
245 1 0 |a 2006 annual report on operations evaluation 
264 1 |a Washington, D.C.  |b <The> World Bank  |c 2006 
300 |a 115 s. 
610 2 0 |a operácie bankové 
610 2 0 |a pomoc rozvojová 
610 2 0 |a programy rozvojové 
610 2 0 |a pôžičky medzinárodné 
610 2 0 |a organizácie medzinárodné 
610 2 0 |a organizácie finančné 
610 2 0 |a investície 
610 2 0 |a projekty medzinárodné 
610 2 0 |a riadenie 
610 2 0 |a efektívnosť 
610 2 0 |a krajiny rozvojové 
610 2 0 |a krajiny tranzitívne